MLB Teams With Clues - Statistics

General Stats
  • This quiz has been taken 1,340 times
  • The average score is 19 of 23
Answer Stats
Hint Answer % Correct
Small red bird Cardinals
96%
Small blue birds Blue Jays
94%
Small orange bird Orioles
93%
Halos Angels
91%
Dory, Nemo, etc. Marlins
91%
Someone who makes beer Brewers
90%
Very Tall People Giants
90%
Children of bears Cubs
89%
Big moutain range in western US Rockies
88%
Two people who look alike may be this Twins
88%
Big Red Machine Reds
85%
Ahoy, Matey! Pirates
84%
Moon, stars, comets, etc. Astros
82%
Columbus' Misconception of the people he met in the new land Indians
82%
Nicknamed with a letter Athletics
80%
"Your higness" Royals
77%
_____Doodle Dandy Yankee
77%
Opposite of scared Braves
75%
Play at America's most beloved ballpark Red Sox
73%
Try to get out of the way of things Dodgers
72%
Sailor, captain Mariners
65%
Used to be Devils Rays
56%
______Rick Rangers
39%
No matching quizzes found
Score Distribution
Percent of People with Each Score
Percentile by Number Answered
Your Score History
You have not taken this quiz